MARC details
| 000 -LEADER |
| fixed length control field |
02132nam a2200373 a 4500 |
| 001 - CONTROL NUMBER |
| control field |
7162 |
| 003 - CONTROL NUMBER IDENTIFIER |
| control field |
BD-DhEWU |
| 005 - DATE AND TIME OF LATEST TRANSACTION |
| control field |
20141223020002.0 |
| 008 - FIXED-LENGTH DATA ELEMENTS--GENERAL INFORMATION |
| fixed length control field |
1309 s2012 pau g b 001 0 eng d |
| 020 ## - INTERNATIONAL STANDARD BOOK NUMBER |
| International Standard Book Number |
9780803626775 |
|
| International Standard Book Number |
0803626770 |
| 035 ## - SYSTEM CONTROL NUMBER |
| System control number |
(OCoLC) 101562492 |
| -- |
(BD-DhEWU) 7162 |
| 040 ## - CATALOGING SOURCE |
| Original cataloging agency |
DNLM/DLC |
| Transcribing agency |
DLC |
| Modifying agency |
BD-DhEWU |
| Language of cataloging |
eng |
| 041 ## - LANGUAGE CODE |
| Language code of text/sound track or separate title |
eng |
| 042 ## - AUTHENTICATION CODE |
| Authentication code |
pcc |
| 050 00 - LIBRARY OF CONGRESS CALL NUMBER |
| Classification number |
RB43.7 |
| Item number |
.B83 2012 |
| 082 04 - DEWEY DECIMAL CLASSIFICATION NUMBER |
| Classification number |
616.9041 LEM |
| Item number |
2012 |
| 100 1# - MAIN ENTRY--PERSONAL NAME |
| Personal name |
Buckingham, Lela. |
| 9 (RLIN) |
2136 |
| 245 10 - TITLE STATEMENT |
| Title |
Molecular diagnostics : |
| Remainder of title |
fundamentals, methods, and clinical applications / |
| Statement of responsibility, etc |
Lela Buckingham. |
| 250 ## - EDITION STATEMENT |
| Edition statement |
2nd ed. |
| 260 ## - PUBLICATION, DISTRIBUTION, ETC. (IMPRINT) |
| Place of publication, distribution, etc |
Philadelphia : |
| Name of publisher, distributor, etc |
F.A. Davis Co., |
| Date of publication, distribution, etc |
c2012. |
| 300 ## - PHYSICAL DESCRIPTION |
| Extent |
xvi, 558 p. : |
| Other physical details |
col. ill. ; |
| Dimensions |
23 cm. |
| 504 ## - BIBLIOGRAPHY, ETC. NOTE |
| Bibliography, etc |
Includes bibliographical references and index. |
| 505 0# - FORMATTED CONTENTS NOTE |
| Formatted contents note |
DNA -- RNA -- Protein -- Nucleic acid extraction methods -- Resolution and detection of nucleic acids -- Analysis and characterization of nucleic acids and proteins -- Nucleic acid amplification -- Chromosomal structure and chromosomal mutations -- Gene mutations -- DNA sequencing -- DNA polymorphisms and human identification -- Detection and identification of microorganisms -- Molecular detection of inherited diseases -- Molecular oncology -- DNA-based tissue typing -- Quality assurance and quality control in the molecular laboratory. |
| 520 ## - SUMMARY, ETC. |
| Summary, etc |
This exceptional resource introduces the fundamentals of nucleic acid biochemistry as well as the advanced concepts integral to professional practice in today's laboratories. With a focus on the application of molecular concepts to diagnose diseases, the 2nd Edition reflects the many advances in this rapidly developing field. |
| 526 ## - STUDY PROGRAM INFORMATION NOTE |
| Program name |
Pharmacy |
| Requested Dept. (EWU) |
Pharmacy |
| 590 ## - LOCAL NOTE (RLIN) |
| Local note |
Tahur Ahmed |
| 650 #0 - SUBJECT ADDED ENTRY--TOPICAL TERM |
| Topical term or geographic name as entry element |
Molecular diagnosis. |
| Source of heading or term |
SLSH |
| 9 (RLIN) |
2137 |
|
| Topical term or geographic name as entry element |
Molecular Diagnostic Techniques |
| General subdivision |
methods. |
| Source of heading or term |
SLSH |
| 9 (RLIN) |
2138 |
|
| Topical term or geographic name as entry element |
Nucleic Acids |
| General subdivision |
analysis. |
| Source of heading or term |
SLSH |
| 9 (RLIN) |
2139 |
| 856 ## - ELECTRONIC LOCATION AND ACCESS |
| Materials specified |
OCLC |
| Uniform Resource Identifier |
http://www.worldcat.org/title/molecular-diagnostics-fundamentals-methods-and-clinical-applications/oclc/731127507&referer=brief_results |
| 942 ## - ADDED ENTRY ELEMENTS (KOHA) |
| Source of classification or shelving scheme |
Dewey Decimal Classification |
| Koha item type |
Text |
| Koha issues (borrowed), all copies |
1 |